Представление документа в формате MARC21

Поле Инд. ПП Название Значение
Тип записи a
Библиографический уровень m
001 Контрольный номер 5abaf4a6-dcc2-420c-8cd4-1fb422441479
005 Дата корректировки 20210428140148.7
008 Кодируемые данные 041201
020 a ISBN 5-7107-6459-0
040 a Служба первич. каталог. НБ ТвГУ
041 0_ a Код языка текста rus
080 a Индекс УДК 882.09(075.3)
084 a Индекс другой классификации/Индекс ББК Ш5(2=411.2)я721-1
090 x Авторский знак В 11
a Полочн. индекс Ш5(2=411.2)
245 10 a Заглавие В мире литературы. 11 класс
b Продолж. заглавия учебник для общеобразовательных учреждений
c Ответственность под общей редакцией А. Г. Кутузова
250 a Основные сведения об издании 2-е изд., стер.
260 0_ a Место издания Москва
b Издательство Дрофа
c Дата издания 2003
300 a Объем 365 с.
b Иллюстрации/ тип воспроизводства ил.
500 a Примечание Авт. указаны на обороте тит. л.
650 04 x Основная подрубрика Учебники для средней школы
653 0_ a Ключевые слова Русская литература
a Ключевые слова Литература
a Ключевые слова Учебники для средней школы
a Ключевые слова 19-20 вв.
700 1_ a Другие авторы Кутузов А. Г.
q Полное имя Кутузов Александр Геннадиевич
700 1_ a Другие авторы Киселев Александр Константинович
700 1_ a Другие авторы Романичева Елена Станиславовна
700 1_ a Другие авторы Мурзак Ирина Ивановна
700 1_ a Другие авторы Ястребов Андрей Леонидович
852 41 i Расстановочный признак Проверка 2021
901 t Тип документа m
920 a Оператор Поля
a Оператор Суха
930 a Новая/Ретро ретро
952 c Вид литературы К ру
954 a Дата поступления на обработку 20041209
e Дата перешифровки 20210423
954 a Дата поступления на обработку 20210428